000 00232nam a2200097Ia 4500
008 120527s9999 xx 000 0 und d
100 _aBETTI,Clandia.et al
245 _aDrawing:A contemporary approach.
260 _bHBJ
942 _cBK
999 _c24073
_d24073